000 00969nam a2200265Ia 4500
003 OSt
005 20220926005113.0
006 a|||||r|||| 00| 0
007 ta
008 220923b |||||||| |||| 00| 0 eng d
020 _a9780761936503
_c760.75
037 _bRKBA/09-10/4656, 24/07/2012, RAJKIRAN BOOK AGENCY
_cGeneral Book
040 _aRTL
_cRTL
_beng
041 _2eng
_aeng
082 _aY9(W6).49G, P8
100 _aGellner David N
_914377
245 0 _aLocal democracy in South Asia
_b Microprocesses of democratization in Nepal and its neighbours
260 _a New Delhi
_bSage Publications
_c2008
300 _a472p.
_ccm.
490 _aGovernance, Conflict, and Civic Action Series; vol.1
500 _aGlossary: P 443-48
700 _a Hachhethu Krishna
_9309741
942 _hY9(W6).49G, P8
_cGB
_2CC
999 _c613012
_d613012